[Event "I Open Internacional 64 Villalba 2013"]
[Site "Collado Villalba ESP"]
[Date "2013.07.29"]
[Round "3.10"]
[White "Herreros Ruiz, Jorge Alejandro"]
[Black "Ballina Amandi, Casimiro"]
[Result "1-0"]
[WhiteElo "1461"]
[BlackElo "1888"]
[PlyCount "85"]
[EventDate "2013.07.27"]
[EventType "swiss"]
[EventRounds "9"]
[EventCountry "ESP"]
[Source "lmi"]
[SourceDate "2013.07.27"]

1. d4 Nf6 2. c4 e5 3. e3 exd4 4. exd4 Bb4+ 5. Bd2 Qe7+ 6. Qe2 Nc6 7. Qxe7+ Kxe7
8. Nf3 d5 9. c5 a6 10. a3 Bxd2+ 11. Nbxd2 Re8 12. O-O-O Kf8 13. Bd3 Bg4 14.
Rde1 Bxf3 15. Nxf3 Ne4 16. Rhf1 h6 17. Bc2 Ng5 18. Nxg5 hxg5 19. Rd1 Re6 20.
Ba4 Na5 21. Rde1 Rxe1+ 22. Rxe1 c6 23. Re5 f6 24. Re1 Re8 25. Rxe8+ Kxe8 26.
Bc2 Kd8 27. b3 Kc7 28. Kb2 b6 29. Bd3 bxc5 30. dxc5 Nb7 31. b4 a5 32. Kc3 axb4+
33. axb4 Nd8 34. g3 Ne6 35. Bf5 Nf8 36. f3 g6 37. Bd3 f5 38. Kd4 Kd7 39. Ke5
Ke7 40. b5 Ne6 41. bxc6 Nxc5 42. Bb5 d4 43. c7 1-0

[Event "I Open Internacional 64 Villalba 2013"]
[Site "Collado Villalba ESP"]
[Date "2013.07.29"]
[Round "3.13"]
[White "Gutierrez Diaz, Pablo"]
[Black "Lopez Del Alamo, Antonio"]
[Result "0-1"]
[WhiteElo "1723"]
[BlackElo "2275"]
[PlyCount "86"]
[EventDate "2013.07.27"]
[EventType "swiss"]
[EventRounds "9"]
[EventCountry "ESP"]
[Source "lmi"]
[SourceDate "2013.07.27"]

1. e4 c5 2. Nf3 Nc6 3. c4 g6 4. d4 cxd4 5. Nxd4 Bg7 6. Be3 Nf6 7. Nc3 Ng4 8.
Nc2 Nxe3 9. Nxe3 Bxc3+ 10. bxc3 Qa5 11. Qc2 d6 12. Rb1 b6 13. Be2 Be6 14. Bg4
Bxg4 15. Nxg4 Rc8 16. Ne3 Ne5 17. Rb5 Qa6 18. Qe2 O-O 19. Rb4 Rc5 20. f4 Nc6
21. Rb5 Qa3 22. Qb2 Qxb2 23. Rxb2 Rc8 24. Kd2 Na5 25. Rc1 Kf8 26. Kd3 Nxc4 27.
Nxc4 Rxc4 28. Rb3 e6 29. Ra3 R8c7 30. Rb3 d5 31. Re1 Ra4 32. a3 dxe4+ 33. Rxe4
Rxe4 34. Kxe4 Rc4+ 35. Ke3 Ke7 36. g3 Kd6 37. Kd3 Kc5 38. h3 h5 39. h4 b5 40.
Rb2 Ra4 41. Rb3 a6 42. Kd2 Kc4 43. Kc2 e5 0-1

[Event "I Open Internacional 64 Villalba 2013"]
[Site "Collado Villalba ESP"]
[Date "2013.07.29"]
[Round "3.14"]
[White "Serrano Herreros, Victor"]
[Black "Perez Marco, Ricardo"]
[Result "0-1"]
[WhiteElo "1701"]
[BlackElo "2137"]
[PlyCount "122"]
[EventDate "2013.07.27"]
[EventType "swiss"]
[EventRounds "9"]
[EventCountry "ESP"]
[Source "lmi"]
[SourceDate "2013.07.27"]

1. d4 Nf6 2. c4 c5 3. e3 g6 4. Nc3 Bg7 5. Nf3 O-O 6. Bd3 b6 7. O-O Bb7 8. d5 d6
9. Re1 Nbd7 10. e4 Ng4 11. Bf4 a6 12. Qa4 b5 13. Qb3 b4 14. Ne2 a5 15. Qc2 a4
16. a3 Qb6 17. Rab1 Ra7 18. Qd2 Rb8 19. h3 Nge5 20. Nxe5 Nxe5 21. Bxe5 Bxe5 22.
Qg5 Bc8 23. f4 Bg7 24. f5 Qd8 25. fxg6 hxg6 26. Nf4 Bf6 27. Qg3 Bd4+ 28. Kh1
Be5 29. Qg5 Qe8 30. Rf1 bxa3 31. bxa3 Rb3 32. Be2 Bf6 33. Qh6 Qf8 34. Qxf8+
Kxf8 35. Nd3 Bd4 36. Nf4 Kg7 37. h4 Rab7 38. Rxb3 Rxb3 39. Rf3 Bc3 40. Bd1 Rxa3
41. Ne2 Bg4 42. Rxc3 Ra1 43. Nc1 Bxd1 44. Kh2 Kf6 45. Nd3 a3 46. Nf2 a2 47. Ra3
Be2 48. Ra4 Ke5 49. Kg3 f5 50. exf5 gxf5 51. Nh3 Bxc4 52. h5 Rb1 53. h6 a1=Q
54. Rxa1 Rxa1 55. h7 Ra8 56. Ng5 Bxd5 57. Kh4 Kf6 58. Kh5 Kg7 59. g3 Rh8 60.
Kh4 Kg6 61. g4 f4 0-1

[Event "I Open Internacional 64 Villalba 2013"]
[Site "Collado Villalba ESP"]
[Date "2013.07.29"]
[Round "3.15"]
[White "Fernandez Aransay, Fernando"]
[Black "Mazo Fernandez, Roberto"]
[Result "1-0"]
[WhiteElo "1889"]
[BlackElo "1702"]
[PlyCount "99"]
[EventDate "2013.07.27"]
[EventType "swiss"]
[EventRounds "9"]
[EventCountry "ESP"]
[Source "lmi"]
[SourceDate "2013.07.27"]

1. e4 c5 2. Nf3 d6 3. d4 cxd4 4. Nxd4 Nf6 5. Nc3 a6 6. Bc4 e6 7. Bb3 Nbd7 8.
Be3 Nc5 9. f3 Qc7 10. Qd2 b5 11. O-O-O Bb7 12. Kb1 Be7 13. g4 Nfd7 14. h4 Bc6
15. g5 O-O-O 16. Qf2 Kb7 17. h5 g6 18. Rh2 Nb6 19. Rdh1 Rhe8 20. hxg6 hxg6 21.
Rh7 Bf8 22. Nce2 Rd7 23. Nf4 Nc4 24. Bc1 d5 25. Nxc6 Qxc6 26. exd5 exd5 27. Rd1
Ne6 28. Nd3 Bd6 29. f4 a5 30. f5 Nc5 31. fxg6 fxg6 32. Nxc5+ Bxc5 33. Rxd7+ Kc8
34. Qf7 Qxd7 35. Qxg6 d4 36. Bxc4 bxc4 37. Qa6+ Qb7 38. Qxc4 Qc7 39. Qa6+ Kd8
40. Qa8+ Kd7 41. Qd5+ Kc8 42. Qf5+ Kb7 43. Bf4 Qc6 44. Qd3 Re4 45. Bd2 Kb6 46.
a3 Rg4 47. Qb3+ Ka6 48. Re1 Rg2 49. Re6 Bd6 50. Bf4 1-0

[Event "I Open Internacional 64 Villalba 2013"]
[Site "Collado Villalba ESP"]
[Date "2013.07.29"]
[Round "3.16"]
[White "Porras Fernandez, Alberto"]
[Black "Ortega Morales, Pedro"]
[Result "1-0"]
[WhiteElo "1668"]
[BlackElo "1864"]
[PlyCount "87"]
[EventDate "2013.07.27"]
[EventType "swiss"]
[EventRounds "9"]
[EventCountry "ESP"]
[Source "lmi"]
[SourceDate "2013.07.27"]

1. e4 e5 2. Nf3 Nc6 3. Bb5 Nf6 4. d3 d6 5. O-O Be7 6. h3 O-O 7. c3 a6 8. Ba4 b5
9. Bc2 Re8 10. Nbd2 Bf8 11. Re1 d5 12. exd5 Nxd5 13. Ne4 h6 14. d4 f5 15. Ng3
e4 16. Nh2 Bd6 17. Nhf1 Kh8 18. f3 Qh4 19. Bb3 Nxc3 20. bxc3 Bxg3 21. Nxg3 Qxg3
22. fxe4 fxe4 23. Re3 Qg6 24. Bd5 Bf5 25. Qe1 Rad8 26. Bxc6 Qxc6 27. Bd2 Qe6
28. a4 Ra8 29. Qg3 Qd7 30. Rf1 bxa4 31. Qf2 Bg6 32. Rg3 Kh7 33. Rg4 Rf8 34. Bf4
Rae8 35. Qg3 Qf7 36. Ra1 Bh5 37. Rh4 Re6 38. Rxa4 g5 39. Bxg5 hxg5 40. Qxg5 Rh6
41. Ra5 Rg8 42. Qe3 Rxg2+ 43. Kxg2 Bf3+ 44. Kg3 1-0

[Event "I Open Internacional 64 Villalba 2013"]
[Site "Collado Villalba ESP"]
[Date "2013.07.29"]
[Round "3.18"]
[White "Diaz Begonte, Manuel"]
[Black "Tevar Becerra, Alvaro"]
[Result "1/2-1/2"]
[WhiteElo "1851"]
[BlackElo "1664"]
[PlyCount "103"]
[EventDate "2013.07.27"]
[EventType "swiss"]
[EventRounds "9"]
[EventCountry "ESP"]
[Source "lmi"]
[SourceDate "2013.07.27"]

1. e4 e5 2. Nf3 Nc6 3. Bb5 a6 4. Ba4 Nf6 5. O-O b5 6. Bb3 Bc5 7. c3 O-O 8. d4
exd4 9. cxd4 Bb6 10. e5 Ne8 11. d5 Nb8 12. Bg5 f6 13. exf6 Nxf6 14. d6+ Kh8 15.
Ne5 Qe8 16. Bxf6 Rxf6 17. Qd5 c6 18. Qe4 Qf8 19. Kh1 Bc5 20. Ng4 Rf4 21. Qe2
Bxd6 22. Nc3 Bb7 23. Rad1 c5 24. Nd5 Bxd5 25. Bxd5 Nc6 26. f3 Re8 27. Qd3 Rd4
28. Qc2 Rxd1 29. Rxd1 Nd4 30. Qd3 Re2 31. Ne3 Qf4 32. Nf1 Rf2 33. g3 Qh6 34.
Re1 g6 35. f4 Qh3 36. Kg1 Rxf4 37. Bg2 Qf5 38. Qe3 Nf3+ 39. Bxf3 Rxf3 40. Qh6
Qf8 41. Qd2 c4 42. Qd4+ Kg8 43. Qd5+ Rf7 44. Nd2 Kh8 45. Ne4 Be7 46. Kg2 d6 47.
Re2 Rf5 48. Qb7 d5 49. Nc3 Bc5 50. Nxd5 Rf2+ 51. Rxf2 Qxf2+ 52. Kh3 1/2-1/2

[Event "I Open Internacional 64 Villalba 2013"]
[Site "Collado Villalba ESP"]
[Date "2013.07.29"]
[Round "3.19"]
[White "Romero Jaime, Pedro"]
[Black "Martin-Consuegra Barrilero, Javier"]
[Result "1-0"]
[WhiteElo "1620"]
[BlackElo "1845"]
[PlyCount "91"]
[EventDate "2013.07.27"]
[EventType "swiss"]
[EventRounds "9"]
[EventCountry "ESP"]
[Source "lmi"]
[SourceDate "2013.07.27"]

1. c4 d6 2. g3 e5 3. Bg2 c6 4. Nc3 Nf6 5. d3 Be7 6. Bg5 Nbd7 7. Nf3 h6 8. Bxf6
Nxf6 9. O-O O-O 10. Qb3 Qc7 11. h3 Be6 12. Nd2 Rfd8 13. Rac1 Qd7 14. Kh2 Rab8
15. a4 d5 16. cxd5 Nxd5 17. Nxd5 Bxd5 18. Bxd5 Qxd5 19. Qc2 Bg5 20. Rcd1 f5 21.
f4 exf4 22. gxf4 Qd6 23. Kh1 Bxf4 24. Qc4+ Kh8 25. Qxf4 Qd5+ 26. Rf3 Rf8 27. h4
Rbe8 28. Re1 b5 29. Kh2 a5 30. axb5 cxb5 31. b3 Qc5 32. Rff1 Qd5 33. Rg1 a4 34.
Rg6 Kh7 35. Rd6 Qf7 36. bxa4 bxa4 37. Qxa4 Qe7 38. Qf4 g5 39. Qd4 Rf7 40. Nc4
Rg7 41. Qb6 g4 42. Rxh6+ Kg8 43. e4 g3+ 44. Kh3 f4 45. Nd6 Ra8 46. Qb3+ 1-0

[Event "I Open Internacional 64 Villalba 2013"]
[Site "Collado Villalba ESP"]
[Date "2013.07.29"]
[Round "3.20"]
[White "Petru, Lucian Olimpiu"]
[Black "Perez Suchan, Saul Mario"]
[Result "1-0"]
[WhiteElo "1822"]
[BlackElo "1649"]
[PlyCount "43"]
[EventDate "2013.07.27"]
[EventType "swiss"]
[EventRounds "9"]
[EventCountry "ESP"]
[Source "lmi"]
[SourceDate "2013.07.27"]

1. e4 c5 2. Nf3 d6 3. Bc4 Nf6 4. Nc3 a6 5. a4 e6 6. d4 cxd4 7. Nxd4 Nxe4 8.
Nxe4 d5 9. Nf3 dxe4 10. Qxd8+ Kxd8 11. Ng5 f5 12. Nf7+ Ke8 13. Nxh8 g6 14. Bd2
Bg7 15. Bc3 e5 16. Nf7 Nc6 17. Nd6+ Ke7 18. Nxc8+ Rxc8 19. O-O-O Na7 20. Bb4+
Ke8 21. Be6 Rc6 22. Bd7+ 1-0

[Event "I Open Internacional 64 Villalba 2013"]
[Site "Collado Villalba ESP"]
[Date "2013.07.30"]
[Round "4.1"]
[White "Sanchez Gonzalez, Sergio"]
[Black "Cano Cabanillas, Javier"]
[Result "1-0"]
[WhiteElo "2304"]
[BlackElo "1991"]
[PlyCount "71"]
[EventDate "2013.07.27"]
[EventType "swiss"]
[EventRounds "9"]
[EventCountry "ESP"]
[Source "lmi"]
[SourceDate "2013.07.27"]

1. c4 Nf6 2. g3 g6 3. Bg2 d5 4. cxd5 Nxd5 5. Nc3 Nb6 6. d4 Bg7 7. Nf3 O-O 8.
Bf4 Nc6 9. e3 Bg4 10. h3 Bxf3 11. Qxf3 e5 12. Bxe5 Bxe5 13. dxe5 Nxe5 14. Qxb7
Nd3+ 15. Kf1 Nxb2 16. Kg1 Qd3 17. Ne4 Qc2 18. Kh2 Nd3 19. Rad1 Rab8 20. Qxa7
Ra8 21. Qb7 Rfb8 22. Nf6+ Kg7 23. Qe4 Kxf6 24. Rxd3 Rxa2 25. Qd4+ Ke7 26. Qe5+
Kf8 27. Rhd1 Re8 28. Rd8 Qa4 29. Qxc7 Na8 30. Qb8 Qxd1 31. Rxe8+ Kg7 32. Rg8+
Kf6 33. Qf4+ Ke7 34. Qe5+ Kd7 35. Qe8+ Kc7 36. Qc6# 1-0

[Event "I Open Internacional 64 Villalba 2013"]
[Site "Collado Villalba ESP"]
[Date "2013.07.30"]
[Round "4.2"]
[White "Arbunic Castro, Giovanna"]
[Black "Martinez Ayesa, Aitor"]
[Result "0-1"]
[WhiteElo "2054"]
[BlackElo "1942"]
[PlyCount "104"]
[EventDate "2013.07.27"]
[EventType "swiss"]
[EventRounds "9"]
[EventCountry "ESP"]
[Source "lmi"]
[SourceDate "2013.07.27"]

1. d4 c5 2. d5 Nf6 3. c4 e6 4. Nc3 exd5 5. cxd5 d6 6. Nf3 g6 7. h3 Bg7 8. Bf4
a6 9. a4 Qe7 10. Nd2 O-O 11. Nc4 Rd8 12. e3 Ne8 13. Be2 Nd7 14. O-O Ne5 15. Nb6
Rb8 16. Bh2 Nd7 17. Nxc8 Rdxc8 18. a5 Be5 19. Qd2 Bxh2+ 20. Kxh2 Nef6 21. Ra4
Re8 22. e4 Nh5 23. g4 Ng7 24. Qh6 b5 25. axb6 Rxb6 26. Qd2 Reb8 27. Rb1 Qh4 28.
Bxa6 Ne5 29. Kg2 g5 30. Ra2 h5 31. f3 Rb3 32. Be2 Ng6 33. Bf1 Nf4+ 34. Kh2 hxg4
35. fxg4 Ne8 36. Ra3 Nf6 37. Rxb3 Rxb3 38. Qd1 Qf2+ 39. Kh1 Rb4 40. Qe1 Qf3+
41. Kh2 Nxe4 42. Nxe4 Rxe4 43. Qg3 Qxg3+ 44. Kxg3 Rd4 45. h4 gxh4+ 46. Kxh4
Nxd5 47. Kg5 Kg7 48. b3 f6+ 49. Kh5 Nf4+ 50. Kh4 Ng6+ 51. Kh5 Rd2 52. g5 f5 0-1

[Event "I Open Internacional 64 Villalba 2013"]
[Site "Collado Villalba ESP"]
[Date "2013.07.30"]
[Round "4.3"]
[White "Villanueva Arguinberri, Bruno"]
[Black "Aziz Ortego, Omar Luis"]
[Result "1/2-1/2"]
[WhiteElo "1961"]
[BlackElo "2045"]
[PlyCount "114"]
[EventDate "2013.07.27"]
[EventType "swiss"]
[EventRounds "9"]
[EventCountry "ESP"]
[Source "lmi"]
[SourceDate "2013.07.27"]

1. d4 Nf6 2. Nf3 b6 3. c4 Bb7 4. Nc3 e6 5. Bg5 Bb4 6. Qc2 c5 7. e3 h6 8. Bxf6
Qxf6 9. Be2 cxd4 10. exd4 Nc6 11. Rd1 O-O 12. O-O Rac8 13. Ne4 Qg6 14. Bd3 f5
15. Ng3 d5 16. b3 Qf6 17. Qb2 f4 18. Ne2 Kh8 19. a3 Bd6 20. cxd5 exd5 21. Bb5
g5 22. Bxc6 Bxc6 23. Ne5 Be8 24. Nc3 Bh5 25. f3 Bxe5 26. Nxd5 Bxd4+ 27. Qxd4
Qxd4+ 28. Rxd4 Rfd8 29. Rfd1 Bf7 30. R4d3 Kg7 31. Nxf4 Rxd3 32. Nxd3 Bxb3 33.
Re1 Bc2 34. Nb4 a5 35. Nxc2 Rxc2 36. Rb1 Rc6 37. Kf2 Re6 38. Kg3 Kf6 39. Rb5
Rc6 40. h4 gxh4+ 41. Kxh4 Ke6 42. f4 Kd6 43. g4 Kc7 44. Rb3 Rc5 45. g5 hxg5+
46. fxg5 b5 47. Kh5 Kb6 48. Kh6 Rc4 49. g6 b4 50. g7 Rg4 51. axb4 a4 52. Re3
Rxg7 53. Kxg7 Kb5 54. Re8 Kxb4 55. Rb8+ Kc3 56. Kf6 a3 57. Ra8 Kb2 1/2-1/2

[Event "I Open Internacional 64 Villalba 2013"]
[Site "Collado Villalba ESP"]
[Date "2013.07.30"]
[Round "4.4"]
[White "Camarero Izquierdo, Juan Carlo"]
[Black "Bermejo Arruego, Luis"]
[Result "0-1"]
[WhiteElo "1877"]
[BlackElo "2181"]
[PlyCount "112"]
[EventDate "2013.07.27"]
[EventType "swiss"]
[EventRounds "9"]
[EventCountry "ESP"]
[Source "lmi"]
[SourceDate "2013.07.27"]

1. d4 g6 2. e4 Bg7 3. Nc3 c6 4. Bc4 d6 5. Be3 Nf6 6. Qd2 d5 7. Bd3 dxe4 8. Nxe4
Ng4 9. Nf3 Nxe3 10. fxe3 Bf5 11. Nc5 Bxd3 12. Nxd3 O-O 13. O-O-O Nd7 14. h4 Nf6
15. Nf2 Qd5 16. Kb1 Ne4 17. Nxe4 Qxe4 18. h5 Rfd8 19. Ng5 Qg4 20. Nf3 gxh5 21.
Rh4 Qg6 22. Rdh1 Rd5 23. Qb4 Qxg2 24. Ne5 Bxe5 25. dxe5 Rad8 26. b3 Rd1+ 27.
Rxd1 Rxd1+ 28. Kb2 Qg5 29. Re4 b6 30. Qc4 Rd5 31. Qxc6 Rxe5 32. Rf4 Kg7 33. Qf3
Qg6 34. Ra4 Qf6 35. Qxf6+ Kxf6 36. Rxa7 Rxe3 37. Ra4 Kg5 38. Rb4 Re6 39. Rd4 h4
40. a4 f5 41. c4 h3 42. Kc3 h2 43. Rd1 Kg4 44. b4 f4 45. a5 bxa5 46. b5 Rb6 47.
Kb3 f3 48. Ka4 f2 49. c5 Rf6 50. Rf1 Kg3 51. b6 Kg2 52. b7 Rf8 53. c6 Kxf1 54.
c7 h1=Q 55. c8=Q Qe4+ 56. Kb5 Qf5+ 0-1

[Event "I Open Internacional 64 Villalba 2013"]
[Site "Collado Villalba ESP"]
[Date "2013.07.30"]
[Round "4.5"]
[White "Fernandez-Gallardo Romero, Alv"]
[Black "Gonzalez Mateos, Rafael"]
[Result "1-0"]
[WhiteElo "1798"]
[BlackElo "2053"]
[PlyCount "49"]
[EventDate "2013.07.27"]
[EventType "swiss"]
[EventRounds "9"]
[EventCountry "ESP"]
[Source "lmi"]
[SourceDate "2013.07.27"]

1. e4 e6 2. d4 d5 3. Nc3 Bb4 4. e5 Ne7 5. a3 Bxc3+ 6. bxc3 c5 7. Qg4 O-O 8. Bd3
c4 9. Bh6 Ng6 10. Bxg6 fxg6 11. Be3 Nc6 12. h4 Ne7 13. h5 Qe8 14. h6 gxh6 15.
Bxh6 Rf7 16. Nf3 Nf5 17. Ng5 Re7 18. Qh3 b5 19. g4 Nxh6 20. Qxh6 Qd7 21. Rh3 a5
22. Ke2 Ra7 23. Rah1 Rg7 24. Nxh7 Kf7 25. Qf4+ 1-0

[Event "I Open Internacional 64 Villalba 2013"]
[Site "Collado Villalba ESP"]
[Date "2013.07.30"]
[Round "4.7"]
[White "Lopez Del Alamo, Antonio"]
[Black "Herreros Ruiz, Jorge Alejandro"]
[Result "1/2-1/2"]
[WhiteElo "2275"]
[BlackElo "1461"]
[PlyCount "107"]
[EventDate "2013.07.27"]
[EventType "swiss"]
[EventRounds "9"]
[EventCountry "ESP"]
[Source "lmi"]
[SourceDate "2013.07.27"]

1. e4 c6 2. Nc3 d5 3. Nf3 Bg4 4. h3 Bh5 5. g4 Bg6 6. exd5 cxd5 7. Ne5 a6 8. h4
h6 9. Nxg6 fxg6 10. d4 e6 11. Bd3 Qf6 12. Qe2 Bb4 13. Bd2 Ne7 14. O-O-O Bxc3
15. Bxc3 Nbc6 16. Rde1 Nd8 17. Kb1 Rf8 18. Ref1 Qf3 19. Qe5 Qf6 20. Qd6 Qf4 21.
Qxf4 Rxf4 22. f3 Ndc6 23. Bd2 Rf7 24. c3 Kd7 25. Be2 Raf8 26. Bd1 b5 27. Re1
Na5 28. b3 Nac6 29. Re3 a5 30. Rhe1 Nd8 31. Kc2 Nec6 32. Kd3 Rf4 33. Bc1 b4 34.
Bb2 bxc3 35. Bxc3 Nb4+ 36. Ke2 Nbc6 37. Bc2 g5 38. hxg5 hxg5 39. Rd1 Nb4 40.
Bb1 Nbc6 41. a3 Rh8 42. b4 axb4 43. axb4 Rh2+ 44. Kd3 Rf2 45. Bc2 R4xf3 46. Ba4
Rxe3+ 47. Kxe3 Ra2 48. Ra1 Rxa1 49. Bxa1 Kc7 50. Bc3 Kb6 51. Bd1 Nf7 52. Be2
Nd6 53. Kd3 Kb5 54. Kc2+ 1/2-1/2

[Event "I Open Internacional 64 Villalba 2013"]
[Site "Collado Villalba ESP"]
[Date "2013.07.30"]
[Round "4.8"]
[White "Perez Marco, Ricardo"]
[Black "Petru, Lucian Olimpiu"]
[Result "1-0"]
[WhiteElo "2137"]
[BlackElo "1822"]
[PlyCount "113"]
[EventDate "2013.07.27"]
[EventType "swiss"]
[EventRounds "9"]
[EventCountry "ESP"]
[Source "lmi"]
[SourceDate "2013.07.27"]

1. e4 c6 2. d3 d5 3. Nd2 e5 4. Ngf3 Bd6 5. g3 Nf6 6. Bg2 O-O 7. O-O Re8 8. Re1
Nbd7 9. h3 Nc5 10. exd5 cxd5 11. d4 Ncd7 12. dxe5 Nxe5 13. Nxe5 Bxe5 14. Nf3
Bc7 15. Bg5 Be6 16. Nd4 h6 17. Be3 a6 18. c3 Qd7 19. Kh2 Rad8 20. Qc2 Bb8 21.
Rad1 Nh7 22. f4 Qc7 23. Qf2 Rc8 24. f5 Bd7 25. Bxd5 Nf6 26. Bf3 Ne4 27. Bxe4
Rxe4 28. Bf4 Rxe1 29. Rxe1 Qa5 30. Bxb8 Rxb8 31. Qf4 Rc8 32. f6 Qh5 33. g4 Qh4
34. Rf1 g5 35. Qf3 Re8 36. Qg2 Bc6 37. Nxc6 bxc6 38. Rf2 Re6 39. Qf3 Re4 40.
Re2 Re6 41. Kg2 h5 42. Rxe6 fxe6 43. Qxc6 Kf7 44. Qc7+ Kxf6 45. Qg3 hxg4 46.
hxg4 e5 47. Qf3+ Ke6 48. Qc6+ Ke7 49. Qb7+ Kf8 50. Qe4 Kg8 51. c4 Kf7 52. c5
Ke6 53. Qc6+ Ke7 54. Qd6+ Kf7 55. Qd7+ Kg6 56. Qf5+ Kh6 57. Qe4 1-0

[Event "I Open Internacional 64 Villalba 2013"]
[Site "Collado Villalba ESP"]
[Date "2013.07.30"]
[Round "4.9"]
[White "Julian Serra, Rogelio"]
[Black "Garcia Diaz, Alejandro"]
[Result "1-0"]
[WhiteElo "2012"]
[BlackElo "1811"]
[PlyCount "65"]
[EventDate "2013.07.27"]
[EventType "swiss"]
[EventRounds "9"]
[EventCountry "ESP"]
[Source "lmi"]
[SourceDate "2013.07.27"]

1. c4 Nf6 2. g3 e5 3. Bg2 Nc6 4. Nc3 Bb4 5. Nf3 O-O 6. O-O Re8 7. a3 Bxc3 8.
dxc3 e4 9. Nd4 Ne5 10. c5 h6 11. Bf4 Ng6 12. Qd2 Nxf4 13. Qxf4 a6 14. c4 d5 15.
cxd6 cxd6 16. Rfd1 Qb6 17. b4 Bg4 18. h3 Bd7 19. Nc2 Re6 20. Rd4 Ba4 21. Rd2
Bxc2 22. Rxc2 Qd4 23. Rac1 Rae8 24. h4 b6 25. Rd2 Qe5 26. Qxe5 dxe5 27. Bh3 e3
28. fxe3 Ne4 29. Bxe6 Nxd2 30. Bd5 Kh7 31. Rd1 Nb3 32. Rb1 Nd2 33. Rb2 1-0

[Event "I Open Internacional 64 Villalba 2013"]
[Site "Collado Villalba ESP"]
[Date "2013.07.30"]
[Round "4.10"]
[White "Lopez Ziegler, Carlos"]
[Black "Serrano Garcia, Vicente"]
[Result "1/2-1/2"]
[WhiteElo "1966"]
[BlackElo "1806"]
[PlyCount "134"]
[EventDate "2013.07.27"]
[EventType "swiss"]
[EventRounds "9"]
[EventCountry "ESP"]
[Source "lmi"]
[SourceDate "2013.07.27"]

1. e4 e6 2. d4 d5 3. exd5 exd5 4. Nf3 Bd6 5. Bd3 Nf6 6. h3 O-O 7. O-O h6 8.
Nbd2 Nc6 9. c3 Ne7 10. Qc2 Be6 11. Re1 Re8 12. Ne5 Qc8 13. Ndf3 Bf5 14. Bf4
Bxd3 15. Nxd3 Bxf4 16. Nxf4 Qf5 17. Qxf5 Nxf5 18. Re5 Nd6 19. Rae1 c6 20. Nd3
Kf8 21. Nd2 Nfe4 22. Nxe4 dxe4 23. Nc5 f6 24. Rh5 Kf7 25. Nb3 f5 26. g4 Kg6 27.
Nd2 b6 28. c4 Rf8 29. c5 bxc5 30. dxc5 Nb5 31. Rxf5 Rxf5 32. gxf5+ Kxf5 33.
Nxe4 Rd8 34. Ng3+ Kf4 35. Re4+ Kf3 36. Re3+ Kf4 37. Nh5+ Kg5 38. Nxg7 Rd2 39.
a4 Nd4 40. Ne6+ Kf6 41. Nxd4 Rxd4 42. b3 a5 43. Kg2 h5 44. Kf3 h4 45. Ke2 Rf4
46. Rf3 Ke5 47. Rc3 Kd4 48. Rc4+ Ke5 49. Ke3 Rf8 50. Rxh4 Rb8 51. Rh5+ Ke6 52.
f4 Rxb3+ 53. Kf2 Rb4 54. Kf3 Rxa4 55. Re5+ Kf6 56. h4 Ra1 57. h5 Rf1+ 58. Kg3
a4 59. Re4 a3 60. Ra4 Rg1+ 61. Kf2 Ra1 62. Kg2 a2 63. h6 Kg6 64. Ra6 Kh7 65. f5
Kxh6 66. Rxc6+ Kg7 67. Ra6 Rc1 1/2-1/2

[Event "I Open Internacional 64 Villalba 2013"]
[Site "Collado Villalba ESP"]
[Date "2013.07.30"]
[Round "4.11"]
[White "Fernandez Bonilla, Marcangel"]
[Black "Ruiz Sanchez, Roberto"]
[Result "0-1"]
[WhiteElo "1758"]
[BlackElo "1958"]
[PlyCount "86"]
[EventDate "2013.07.27"]
[EventType "swiss"]
[EventRounds "9"]
[EventCountry "ESP"]
[Source "lmi"]
[SourceDate "2013.07.27"]

1. e4 c6 2. d4 d5 3. e5 Bf5 4. Nf3 e6 5. Nc3 c5 6. Bb5+ Nd7 7. Bg5 Qc7 8. O-O
h6 9. Bh4 c4 10. Bg3 Ne7 11. Nh4 Qa5 12. Bxd7+ Kxd7 13. Nxf5 Nxf5 14. Ne2 Be7
15. Qe1 Qxe1 16. Raxe1 b5 17. Bf4 a5 18. c3 g6 19. Bd2 b4 20. g4 Ng7 21. Ra1 h5
22. f3 Rab8 23. Rab1 Kc7 24. Rfc1 Kd7 25. b3 Rhc8 26. Kf1 bxc3 27. Bxc3 Ba3 28.
Bb2 Bxb2 29. Rxb2 a4 30. Rc3 a3 31. Rbc2 cxb3 32. axb3 Rxc3 33. Nxc3 Rxb3 34.
Na2 Rxf3+ 35. Ke2 hxg4 36. Nb4 Nf5 37. Rd2 Rh3 38. Ke1 Rb3 39. Nd3 Rb1+ 40. Kf2
Nxd4 41. Nc5+ Kc6 42. Na4 Rb4 43. Nc3 Rb2 0-1

[Event "I Open Internacional 64 Villalba 2013"]
[Site "Collado Villalba ESP"]
[Date "2013.07.30"]
[Round "4.12"]
[White "Enfedaque Jimenez, Juan Carlos"]
[Black "Olias Munoz, Francisco"]
[Result "0-1"]
[WhiteElo "1766"]
[BlackElo "1958"]
[PlyCount "46"]
[EventDate "2013.07.27"]
[EventType "swiss"]
[EventRounds "9"]
[EventCountry "ESP"]
[Source "lmi"]
[SourceDate "2013.07.27"]

1. e4 c5 2. Nf3 d6 3. d4 cxd4 4. Nxd4 Nf6 5. Nc3 g6 6. Be3 Bg7 7. f3 O-O 8. Bc4
Nc6 9. Qd2 Bd7 10. O-O-O Ne5 11. Bb3 Qa5 12. h4 Rfc8 13. h5 Nxh5 14. Bh6 Nd3+
15. Kb1 Nxb2 16. Kxb2 Bxh6 17. Qxh6 Qxc3+ 18. Kb1 a5 19. Rd3 Qb4 20. Rxh5 gxh5
21. Qxh5 a4 22. Qxf7+ Kh8 23. Qxe7 Qe1+ 0-1

[Event "I Open Internacional 64 Villalba 2013"]
[Site "Collado Villalba ESP"]
[Date "2013.07.30"]
[Round "4.13"]
[White "Santamaria Baeza, Adolfo"]
[Black "Blanco Samaniego, Alejandro"]
[Result "0-1"]
[WhiteElo "1936"]
[BlackElo "1724"]
[PlyCount "90"]
[EventDate "2013.07.27"]
[EventType "swiss"]
[EventRounds "9"]
[EventCountry "ESP"]
[Source "lmi"]
[SourceDate "2013.07.27"]

1. e4 c5 2. Nf3 Nc6 3. Bc4 g6 4. O-O Bg7 5. c3 Qc7 6. d4 cxd4 7. cxd4 e6 8. e5
Nxe5 9. dxe5 Qxc4 10. b3 Qa6 11. Ba3 d5 12. Qc1 Bd7 13. Bd6 Bf8 14. Bxf8 Kxf8
15. Qf4 Kg7 16. h4 h5 17. Rc1 Qd3 18. Rc7 Be8 19. Nd4 Qd1+ 20. Kh2 Qg4 21. Qxg4
hxg4 22. Nxe6+ Kh6 23. Nf4 g5 24. hxg5+ Kxg5+ 25. Kg3 Nh6 26. Nh3+ gxh3 27.
gxh3 Bc6 28. Nd2 Kf5 29. Re1 Rag8+ 30. Kf3 d4+ 31. Ke2 Ke6 32. Kd3 Nf5 33. Ne4
Rxh3+ 34. Kd2 Bxe4 35. Rxe4 Rh2 36. Re2 Rgg2 37. Ke1 Rg1+ 38. Kd2 Rf1 39. a4
Rfxf2 40. Rxf2 Rxf2+ 41. Ke1 Rb2 42. Rxb7 d3 43. Rxa7 d2+ 44. Ke2 Ne3 45. Ra6+
Kxe5 0-1

[Event "I Open Internacional 64 Villalba 2013"]
[Site "Collado Villalba ESP"]
[Date "2013.07.30"]
[Round "4.14"]
[White "De Dompablo Fantova, Juan"]
[Black "Sotoca Aguado, Jose"]
[Result "0-1"]
[WhiteElo "1730"]
[BlackElo "1928"]
[PlyCount "78"]
[EventDate "2013.07.27"]
[EventType "swiss"]
[EventRounds "9"]
[EventCountry "ESP"]
[Source "lmi"]
[SourceDate "2013.07.27"]

1. e4 c6 2. d4 d5 3. e5 Bf5 4. Nf3 e6 5. Bd3 Nd7 6. Be3 Ne7 7. Nh4 Bxd3 8. Qxd3
Qb6 9. O-O Qxb2 10. Nc3 Qb6 11. Rab1 Qc7 12. f4 Ng6 13. Nxg6 hxg6 14. g4 Rh4
15. Qe2 Nb6 16. f5 gxf5 17. gxf5 O-O-O 18. fxe6 fxe6 19. Rf3 Be7 20. Rbf1 Rdh8
21. R1f2 Qd8 22. Qf1 Nc4 23. Qd3 Qe8 24. Bf4 g5 25. Bg3 R4h7 26. Qf1 g4 27. Rd3
Bg5 28. Qe2 Nb2 29. Rd2 Bxd2 30. Qxd2 Nc4 31. Qf4 Rg8 32. Ne2 Rhh8 33. Qc1 Rf8
34. Rxf8 Qxf8 35. Nf4 Qf5 36. Qb1 Nd2 37. Qb4 Nf3+ 38. Kg2 Qxc2+ 39. Bf2 Rxh2+
0-1